| 000 | 01092cam a22003617a 4500 | ||
|---|---|---|---|
| 003 | CHAP | ||
| 005 | 20220817043724.0 | ||
| 008 | 001020d1997 it rn 00110 eng d | ||
| 010 | _a82671 | ||
| 011 | _a83643 | ||
| 035 | _a94158 | ||
| 040 | _cCHAP | ||
| 082 | 0 | 4 |
_a639.2096 _bF32 v.22 |
| 110 | 2 | _aFAO | |
| 245 | 1 | 0 |
_aSupport aquaculture development in Africa : _baquatic farming systems information network _c/by André G. Coche and Jean Collins |
| 260 |
_aRome : _bFAO, _c1997. |
||
| 300 | _a72 p. : | ||
| 410 | _aFAO | ||
| 490 | 0 |
_aCIFA/OP _v; 22 |
|
| 590 |
_aBATCH-UPD _b10 _c20130110 _lUCH01 _h0632 |
||
| 590 |
_aBATCH-UPD _b10 _c20130410 _lUCH01 _h0315 |
||
| 590 |
_aBATCH-UPD _b10 _c20130914 _lUCH01 _h0938 |
||
| 590 |
_aCONVERSION _b10 _c20130109 _lUCH01 _h1346 |
||
| 650 | 1 | 4 |
_aPesca _xAfrica. _987354 |
| 700 | 0 |
_aCoche, André G. _924205 |
|
| 700 | 0 |
_aCollins, Jean. _925284 |
|
| 810 | 0 | _aFAO | |
| 830 | 0 | 0 |
_aCIFA/OP _v; 22 _923267 |
| 901 | _aBK | ||
| 905 | _aLilia Sánchez G. | ||
| 942 | _cLIBRO | ||
| 949 |
_a639.2096 F32 v.22 _bBC _cFAO _d33724000739314 _eFAO1 _h99002 _i94158 _sb |
||
| 999 |
_c82671 _d82671 |
||